Регионална библиотека "Любен Каравелов" - Русе

Курсът за мен. Английски език (Запис номер 163742)

MARC детайли
000 -Лидер
Контролно поле с фиксирана дължина 01760nam a2200373 c 4500
003 - Код на организацията, давaща контролен номер
Контролно поле BLK
005 - Дата и час на последна редакция
Контролно поле 20240102131007.0
008 - Елементи от данни с фиксирана дължина
fixed length control field 180410b bul|||||r ||||||| ||bul||
010 ## - Наследен системен номер
LC control number KNG00171200000
020 ## - Международен стандартен номер на книга ISBN
Международен стандартен номер на книга ISBN 978-954-344-252-2
-- издат.: Клет България
040 ## - Източник на каталожния запис
Идентификатор на билиотеката - собственик на записа BLK
041 ## - Код за език
Код за езика на текст/звукозапис или на отделно заглавие Английски
Код за езика КДБФ Български
072 #7 - Код за тематичната категория
Код организация bullib
Код за тематична категория Н372
Текст Учебни предмети. Учебници Н
080 ## - УДК
Текстов определител УДК Английски език
УДК код - определител по УДК 811.111
УДК определител (075.4)
УДК - код + определител 811.111(075.4)
139 ## - Редно поле
Редна дума Курсът за мен. Английски език
Авторски знак Куп - К 94
245 10 - Сведения за заглавието
Заглавие Курсът за мен. Английски език
Подзаглавни данни Ниво A1 - A2 : Самоучител
Редно поле (дума) със съдействието на Беате Щерн.
257 ## - Страна на издаване
Страна на създаване/издаване България
-- Германия
260 ## - Област на издателските данни
-- София
Име на издателя, разпространителя и проч. Клет България
Година на издаване 2014
Печатница София : Алианс принт
300 ## - Физическа характеристика
Страници 320 с.
Илюстрации и др. с ил., табл.
Размери/Мащаб 23 см
Съпровождащи материали 2 CD
380 ## - Жанр
Жанр Езикознание. Филология
490 1# - СЕРИИ (Колекции)
Име на серия PONS
500 ## - Общи забележки
Забележка Изд. е разработено на базата на PONS Der komplette Sprachkurs Englisch fur mich и Ускорен курс Английски за начинаещи. - Прил. със същото загл. и сигн. CD 3906.
650 #4 - Допълнително описание по предмет – тема
Основно описание – тема или топоним Английски език - учебници за самоподготовка
9 (RLIN) 253258
653 ## - Ключова дума – ненормативна
Ключова дума английски език
653 ## - Ключова дума – ненормативна
Ключова дума учебници за самообразование
659 ## - Тематичен бюлетин
Тематичен бюлетин Н
700 1# - Други автори (авторска отговорност)
Лично име Щерн, Беате
Автороска отговорност (Описва отношението между автора и произведението) със съдействието на
9 (RLIN) 336081
852 ## - Местоположение
Форматна сигнатура Цб 272657
856 4# - Електронен адрес и достъп
Електронен формат pdf - файл
Път до файла /url/
856 4# - Електронен адрес и достъп
Електронен формат pdf - файл
Път до файла /url/
942 ## - АРТИКУЛИ
Вид на библиотечния материал Книги
Скрит в OPAC Не
Koha issues (borrowed), all copies 6
944 ## - СЪЗДАВАНЕ И РЕДАКЦИЯ на ЗАПИСА
Създаване/Редакция Създаване
Дата на регистрацията/редакция 13.02.2015
Статус, дата на статуса Теодора Пейчева-Дянкова
Служител, извършил регистрацията/редакцията 30556
944 ## - СЪЗДАВАНЕ И РЕДАКЦИЯ на ЗАПИСА
Създаване/Редакция Редакция
Дата на регистрацията/редакция 20.12.2017
Статус, дата на статуса ф /
Служител, извършил регистрацията/редакцията Виолета_Тройчева
999 ## - СИСТЕМНИ КОНТРОЛНИ НОМЕРА
Koha biblionumber 163742
Koha biblioitemnumber 163742
Наличности
Код за отписване Код за изгубен артикул Източник на класификационната схема Код за повреда Коз за рестрикции Код за отдаване Артикулен № Име на библиотеката - собственик Име на библиотеката, в която се намира в момента Статус (Текущо местоположение) Дата на вписване в системата Местоположение - отдел Цена в лева Инвентарен номер Систематично азбучна сигнатура Баркод Номер на екземпляра Цена в евро Служебна бележка Служебен тип на артикула
  Не е изгубен Universal Decimal Classification Не е повреден без рестрикции заемане за дома 274862 Регионална библиотека "Любен Каравелов" Русе Регионална библиотека "Любен Каравелов" Русе ЧЧЗО - англ. ез. - Британски съвет 2015-02-12 ЧЧЗО - англ. ез. - Британски съвет 9.90 120000785298 Ч3 802.0/К 94 120000785298 1 5.06 Дост: Pk Вид: Ф N: 424 Дата: 11.02.2015 Дата инв: 25.03.2015 Бележки инв: Ч32015 Книги
Vip Innovations Ltd, Rousse, Bulgaria 2025